Countries with the Highest GDP per Square Kilometer - Statistics

General Stats
  • This quiz has been taken 84,887 times
    24,729 since last reset
  • The average score is 14 of 20
Answer Stats
$ / sq km Country % Correct
3798 m Monaco
96%
40.5 m Luxembourg
92%
1325 m Singapore
90%
31.1 m Liechtenstein
89%
46.7 m San Marino
86%
17.8 m Japan
81%
21.3 m Switzerland
81%
36.5 m Netherlands
80%
29.5 m Belgium
79%
32.6 m Qatar
79%
18.3 m United Kingdom
79%
33.6 m South Korea
76%
147 m Bahrain
72%
54.3 m Taiwan
71%
17.3 m Germany
70%
137 m Malta
67%
27.4 m Israel
62%
50.1 m Maldives
39%
20.3 m Mauritius
26%
15.8 m Barbados
24%
No matching quizzes found
Score Distribution
Percent of People with Each Score
Percentile by Number Answered
Your Score History
You have not taken this quiz since the last reset